书目信息 |
| 题名: |
风景绘
|
|
| 作者: | ;飞乐鸟 著 | |
| 分册: | Ⅱ | |
| 出版信息: | 北京 中国水利水电出版社 2014.09 |
|
| 页数: | 164页 | |
| 开本: | 21cm | |
| 丛书名: | ||
| 单 册: | ||
| 中图分类: | J214.1 | |
| 科图分类: | ||
| 主题词: | 铅笔画--qian bi hua--风景画--绘画技法 | |
| 电子资源: | ||
| ISBN: | 978-7-5170-2263-3 | |
| 000 | 00825nam0 2200229 450 | |
| 001 | 1658430480 | |
| 005 | 20161023161411.75 | |
| 010 | @a978-7-5170-2263-3@dCNY 34.80 | |
| 100 | @a20140818d2014 em y0chiy50 ea | |
| 101 | 0 | @achi |
| 102 | @aCN@b110000 | |
| 105 | @aa z 000yy | |
| 200 | 1 | @a风景绘@Afeng jing hui@hⅡ@e28处人间仙境的色铅笔图绘@f飞乐鸟著 |
| 210 | @a北京@c中国水利水电出版社@d2014.09 | |
| 215 | @a164页@c彩图@d21cm | |
| 330 | @a本书内容包括: 连绵的帕卢斯浅丘陵 ; 秋之白哈巴 ; 雾色丘陵 ; 布莱德湖滨 ; 火色夕阳 ; 初春时的宁静等。 | |
| 517 | 1 | @a28处人间仙境的色铅笔图绘@A28 chu ren jian xian jing de se qian bi tu hui |
| 606 | 0 | @a铅笔画@Aqian bi hua@x风景画@x绘画技法 |
| 690 | @aJ214.1@v5 | |
| 711 | 02 | @a飞乐鸟@Afei le niao@4著 |
| 801 | 0 | @aCN@c20150820 |
| 905 | @a河南城建学院图书馆@dJ214.1@eF3142:2@f2 | |
| 风景绘.Ⅱ:28处人间仙境的色铅笔图绘/飞乐鸟著.-北京:中国水利水电出版社,2014.09 |
| 164页:彩图;21cm |
| ISBN 978-7-5170-2263-3:CNY 34.80 |
| 本书内容包括: 连绵的帕卢斯浅丘陵 ; 秋之白哈巴 ; 雾色丘陵 ; 布莱德湖滨 ; 火色夕阳 ; 初春时的宁静等。 |
| ● |
| 相关链接 |
|
|
|
正题名:风景绘
索取号:J214.1/F3142:2
 
预约/预借
| 序号 | 登录号 | 条形码 | 馆藏地/架位号 | 状态 | 备注 |
| 1 | 1238830 | 212388307 | 社科库309/309社科库 71排2列5层/ [索取号:J214.1/F3142:2] | 在馆 |